Los hechos de los apóstoles

Wedi'i Gadw mewn:
Manylion Llyfryddiaeth
Awdur Corfforaethol: Equipo Cahiers Evangile (autor)
Fformat: Llyfr
Iaith:Sbaeneg
Cyhoeddwyd: Estella, España: Verbo Divino, 1984
Rhifyn:4ª edición
Cyfres:Cuadernos Bíblicos, 21
Pynciau:
Tagiau: Ychwanegu Tag
Dim Tagiau, Byddwch y cyntaf i dagio'r cofnod hwn!

MARC

LEADER 00000nam a2200000 a 4500
001 UCK1101
003 CL-VaPUC
005 20231110154557.0
008 041105e19790000SP |||||||||||||||||spa|d
999 |c 435495  |d 435493 
020 |a 84-7151-226- 
040 |c Pontificia Universidad Católica de Valparaíso 
082 0 4 |a 226.6 EQU 1984  |2 21 
110 2 |a Equipo Cahiers Evangile  |e autor  |9 488941 
245 1 4 |a Los hechos de los apóstoles 
250 |a 4ª edición 
260 |a Estella, España:  |b Verbo Divino,  |c 1984 
300 |a 75 páginas 
490 0 |a Cuadernos Bíblicos, 21 
500 |a C1. Donación Facultad de Teología, libro pertenciente a la Profesora Eugenia Colomer (Q.E.P.D). Correo en papel 31/03/2022 
583 |a last modification  |c 20041105 00:00:00  |k Catalogador Asistente 
650 0 |a Hechos de los apóstoles  |9 483141 
650 0 |a Biblia  |9 257603 
650 0 |a Nuevo testamento  |9 257604 
942 |c BK  |2 ddc 
945 |d 20041105 00:00:00  |a vberengu 
952 |0 0  |1 0  |2 ddc  |4 0  |6 226_600000000000000_EQU_1984  |7 0  |8 A  |9 582776  |a BIBTEO  |b BIBTEO  |c GEN  |d 2022-04-25  |e Donación  |i 5650923  |o 226.6 EQU 1984  |p 5650923  |r 2025-01-17  |t 1  |w 2022-04-25  |y BK  |k ICR